Almost Ultimate Seinfeld Character Quiz with Initials, Categories, and Oddball Characters - Statistics

General Stats
  • This quiz has been taken 297 times
  • The average score is 35 of 152
Answer Stats
Character Initial Character % Correct
Main Cast CK Cosmo Kramer
98%
Main Cast EMB Elaine Marie Benes
98%
Main Cast GLS George Louis Costanza
98%
Main Cast JS Jerome Seinfeld
98%
Elaine's Boyfriends DP David Puddy
88%
Comedians KB Kenny Bania
84%
Connected to Costanza FC Frank Costanza
81%
Connected to Seinfeld MS Morty Seinfeld
70%
Connected to Costanza EC Estelle Costanza
66%
Elaine's Boyfriends PR Pinter Ranawat
65%
Elaine's Boyfriends BC Bob Cobb
61%
Connected to Kramer BS Bob Sacamano
61%
Connected to Costanza SR Susan Ross
61%
Other Oddball Characters DB David Benedict
59%
Elaine's Boyfriends DL David Lookner
59%
As Him/Herself Mayor RG Mayor Rudy Giuliani
55%
Connected to Seinfeld HS Helen Seinfeld
54%
Other Oddball Characters BG Bob Grossberg
52%
Elaine's Boyfriends "C" JD Crazy Joe Davola
52%
Connected to Kramer FDR Franklin Delano Romanowski
52%
George's Coworkers GS George Steinbrenner
52%
Connected to Seinfeld JK Jack Klompus
52%
Connected to Benes JP Justin Pitt
52%
Connected to Seinfeld Lt. JB Lt. Joe Bookman
52%
Connected to Benes JP Jacopo Peterman
50%
As Him/Herself KH Keith Hernandez
47%
Connected to Kramer JC Jackie Chiles
46%
Other Oddball Characters JM Joe Mayo
44%
Connected to Costanza JT Joe Temple
44%
George's Coworkers MW Matt Wilhelm
44%
Other Oddball Characters AN Al Neche
42%
As Him/Herself AR Al Roker
42%
Elaine's Boyfriends JG John Germaine
40%
George's Coworkers SF Sid Farkus
40%
As Him/Herself Mayor DD David Dinkins
38%
Other Oddball Characters Judge AV Judge Arthur Vandelay
38%
Other Oddball Characters YK Yev Kassem
38%
Connected to Kramer MA Mickey Abbott
35%
Jerry's Dates SEM Sue Ellen Mischke
35%
Elaine's Boyfriends TW Tim Whatley
35%
Connected to Kramer BK Barbara Kramer
34%
Connected to Costanza LB Lloyd Braun
32%
Jerry's Dates SH Sidra Holland
32%
As Him/Herself PO' Paul O'Neill
31%
Connected to Benes AL Adam Lippman
30%
Other Oddball Characters BB Babu Bhatt
30%
Connected to Costanza HR Henry Ross
27%
Elaine's Boyfriends JJ Jake Jarmel
27%
Jerry's Dates MP Marla Penny
27%
Other Oddball Characters SB Sal Bass
26%
Other Oddball Characters RC Ruthie Cohen
25%
As Him/Herself BM Bette Midler
24%
Elaine's Boyfriends JR Joel Rifkin
23%
Connected to Costanza RR Ricky Ross
23%
Comedians SW Sally Weaver
21%
Other Oddball Characters DS Donald Sanger
20%
Connected to Kramer MM Mike Moffitt
20%
Jerry's Dates RG Rachel Goldstein
20%
Connected to Benes GB Gail Benes
19%
Jerry's Dates GC Gail Cunningham
19%
Other Oddball Characters JK James Kimbrough
19%
Other Oddball Characters JW Jane Wells
19%
As Him/Herself JF Jim Fowler
19%
Connected to Seinfeld JH Joel Horneck
19%
Other Oddball Characters SD Scott Drake
19%
Elaine's Boyfriends FY Fred Yerkes
18%
As Him/Herself JV Jon Voight
18%
Other Oddball Characters TP Tom Pepper
18%
Connected to Seinfeld DM Duncan Meyer
17%
As Him/Herself MT Marisa Tomei
17%
Jerry's Dates DC Donna Changstein
16%
Connected to Benes AB Alton Benes
15%
Connected to Kramer JR Jay Riemenschneider
14%
Other Oddball Characters BC Ben Cantwell
13%
Other Oddball Characters HF Harry Fleming
13%
Elaine's Boyfriends JK John F. Kennedy Jr.
13%
Other Oddball Characters MB Michael Barth
13%
Other Oddball Characters Ofc. MV Officer Matt Vogel
13%
Elaine's Boyfriends PT Phil Totola
13%
Jerry's Dates TVC Tia Van Camp
13%
Connected to Seinfeld TA Tony Abado
13%
Connected to Seinfeld ER Ed Roidlick
12%
Other Oddball Characters KA Karen Abbott
12%
As Him/Herself MT Mel Torme
12%
As Him/Herself RW Raquel Welch
12%
Connected to Costanza AP Arthur Pensky
11%
Other Oddball Characters BB Barbara Benedict
11%
Jerry's Dates Dr. BL Dr. Beth Lookner
11%
Other Oddball Characters GF Gary Fogel
11%
Other Oddball Characters MC Mabel Choate
11%
George's Coworkers RL Rick Levitan
11%
Other Oddball Characters RD Russell Dalrymple
11%
Other Oddball Characters MS Mel Sanger
10%
Jerry's Dates PL Patty Lawrence
10%
As Him/Herself GW George Wendt
9%
Other Oddball Characters HA Henry Atkins
9%
Other Oddball Characters JH Jason Hanky
9%
Connected to Costanza SK Steven Koren
9%
Elaine's Boyfriends TG Todd Gack
9%
Elaine's Boyfriends AM Alan Mercer
8%
Connected to Seinfeld AB Alec Berg
8%
Other Oddball Characters IM Izzy Mandelbaum
8%
Elaine's Boyfriends HK Hal Kitzmiller
7%
Other Oddball Characters JZ Joey Zanfino
7%
Jerry's Dates NW Nina West
7%
Jerry's Dates BG Becky Gelke
6%
George's Coworkers CH Coco Higgins
6%
As Him/Herself CB Corbin Bernsen
6%
As Him/Herself DL David Letterman
6%
Connected to Seinfeld FM Frankie Merman
6%
Jerry's Dates JS Jeannie Steinman
6%
Other Oddball Characters JT Johnny Tyler
6%
Elaine's Boyfriends NI Ned Isakoff
6%
Comedians RK Ronnie Kay
6%
Connected to Benes TR Tina Robbins
6%
As Him/Herself BG Bryant Gumbel
5%
Other Oddball Characters JB Johnny Bigiano
5%
Other Oddball Characters RK Rita Kirson
5%
As Him/Herself SH Saddam Hussein
5%
Jerry's Dates SB Sharon Besser
5%
Connected to Kramer TE Tor Eckman
5%
Connected to Costanza DL Deena Lazzari
4%
As Him/Herself FS Fred Savage
4%
Other Oddball Characters GP Gavin Pollone
4%
Other Oddball Characters MD Molly Dalrymple
4%
Elaine's Boyfriends OM Owen March
4%
Other Oddball Characters RD Rebecca DeMornay
4%
Connected to Benes YT Yuri Testikov
4%
Other Oddball Characters DF Dana Foley
3%
As Him/Herself GR Geraldo Rivera
3%
Connected to Seinfeld TP Teddy Padilac
3%
Connected to Costanza WT Wyck Thayer
3%
Other Oddball Characters AD Arnold Deensfrei
2%
Connected to Seinfeld AL Artie Levine
2%
Jerry's Dates CF Cheryl Fong
2%
Connected to Kramer CR Corky Ramirez
2%
Elaine's Boyfriends DN Darryl Nelson
2%
Other Oddball Characters EH Earl Haffler
2%
Other Oddball Characters FC Fidel Castro
2%
Other Oddball Characters GM Gladys Mayo
2%
Other Oddball Characters HS Hop Sing
2%
Connected to Costanza LE Lindsay Enright
2%
Connected to Costanza RT Remy Temple
2%
Jerry's Dates SB Sherry Becker
2%
Other Oddball Characters SF Sidney Fields
2%
Other Oddball Characters JP Jerry Persheck
1%
Other Oddball Characters MK Marvin Kessler
1%
Other Oddball Characters TLN Tobias Lehigh Nagy
1%
Connected to Benes JL Jocelyn Landis
0%
Other Oddball Characters RH Roger Hoffman
0%
Other Oddball Characters SR Sandi Robbins
0%
Jerry's Dates Sgt. CT Sgt. Cathy Tierny
0%
No matching quizzes found
Score Distribution
Percent of People with Each Score
Percentile by Number Answered
Your Score History
You have not taken this quiz